000 00461nam a2200157Ia 4500
008 240729s9999 xx 000 0 und d
022 _a2251-726X
245 0 _aIranian Journal of Otorhinolaryngology
260 _aIran, Islamic Republic of
260 _bMashhad University of Medical Sciences
650 _a Otorhinolaryngology
650 _aMedicine
856 _uhttps://doaj.org/toc/7acb01c8767d4f2b9c9864a7dc086258
942 _2ddc
942 _cDOAJEJ
999 _c66117
_d66117
945 _a1
_bMadushi Gamage
_c1
_dMadushi Gamage